000
00315nam a2200121Ia 4500
005
20251222154336.0
008
251222s9999||||xx |||||||||||||| ||spa||
082
_a
630.609.85/R9
100
_a
Ruiz Rojas, Milciades
245
0
_a
Empresas agrarias asociativas
264
_b
Fundación Friedrich Ebert
942
_c
LIB
999
_c
34338
_d
34338